Countries with Red, Black, Green and White Flags - Statistics

General Stats
  • This quiz has been taken 59 times
  • The average score is 9 of 9
Answer Stats
Picture Answer % Correct
Syria
100%
United Arab Emirates
100%
Jordan
98%
Iraq
95%
Libya
95%
Afghanistan
93%
Kenya
93%
Kuwait
93%
Sudan
90%
No matching quizzes found
Score Distribution
Percent of People with Each Score
Percentile by Number Answered
Your Score History
You have not taken this quiz